Baseball, I gave you all the best years of my life /

Bibliographic Details
Other Authors: Kerrane, Kevin, Grossinger, Richard, 1944-
Format: Book
Language:English
Published: Richmond, Calif. : North Atlantic Books, [1980]
Edition:3rd ed.
Series:Io ; #24.
Subjects:

MARC

Tag First Indicator Second Indicator Subfields
LEADER 00000cam a2200000 a 4500
001 in00000070320
005 20151008061707.0
008 790925s1980 caua 00000 eng d
020 |a 0913028649 :  |c $11.95 
035 |a (OCoLC)05421615 
035 |9 AAJ8616AM 
040 |a XBM  |c XBM  |d m.c.  |d TXA  |d UtOrBLW 
049 |a TXAM  |c [1271965] 
090 |a GV867  |b .B35 1980a 
245 0 0 |a Baseball, I gave you all the best years of my life /  |c editors, Kevin Kerrane, Richard Grossinger. 
250 |a 3rd ed. 
264 1 |a Richmond, Calif. :  |b North Atlantic Books,  |c [1980] 
264 4 |c ©1980 
300 |a 429 pages :  |b illustrations ;  |c 28 cm. 
336 |a text  |b txt  |2 rdacontent 
337 |a unmediated  |b n  |2 rdamedia 
338 |a volume  |b nc  |2 rdacarrier 
490 1 |a Io ;  |v #24 
500 |a Issued also under title: Baseball diamonds. Garden City, N.Y. : Anchor Press, 1980. 
650 0 |a Baseball. 
700 1 |a Kerrane, Kevin. 
700 1 |a Grossinger, Richard,  |d 1944- 
830 0 |a Io ;  |v #24. 
999 |a MARS 
999 f f |s de951a39-cd17-3fd3-ac75-88873ed15fee  |i 281b7d9e-aa1f-3403-b0a2-76dc7af44577  |t 0 
952 f f |p ric  |a Texas A&M University  |b Rellis Campus  |c Joint Library Facility  |d Remote Storage  |t 0  |e GV867 .B35 1980a  |h Library of Congress classification  |i unmediated -- volume  |m A14806116644 
998 f f |a GV867 .B35 1980a  |t 0  |l Remote Storage